| 000 | 00610nam a2200217 a 4500 | ||
|---|---|---|---|
| 001 | BRCA_6832 | ||
| 005 | 20190320205618.0 | ||
| 008 | 081111s1929----enk#######---#000-0#eng-# | ||
| 041 | _aeng | ||
| 044 | _aenk | ||
| 050 | 4 |
_aPZ3 _b.C356Bo _c1929 |
|
| 100 | 1 |
_aCaine, Thomas Henry Hall _d1853-1931 _917035 |
|
| 245 | 1 | 0 |
_aThe bondman _cby Hall Caine |
| 260 |
_aLondres _bReaders Library _c1929 |
||
| 300 |
_a376 p. _c17 cm. |
||
| 500 | _aEstado físico: lomo y cubiertas deteriorados; algunas páginas desprendidas | ||
| 500 | _aO18 | ||
| 650 | 1 | 4 |
_aLiteratura inglesa _917036 |
| 902 | _aGFM | ||
| 942 |
_2lcc _cB |
||
| 999 |
_c6515 _d6515 |
||